| 000 | 00886nam0a22002651 4500 | ||
|---|---|---|---|
| 001 | rc\1120387 | ||
| 005 | 20041126174420.5 | ||
| 035 | _a(NLR Aleph) 006363416 | ||
| 090 |
_a4926665 _c4926665 |
||
| 100 | _a20041126d1981 u |0rusy50 ca | ||
| 101 | 0 | _arus | |
| 102 | _aRU | ||
| 105 | _ay ||||||||| | ||
| 200 | 1 | _aПравосознание общества развитого социализма | |
| 210 |
_aКиев _cО-во "Знание" УССР _d1981 |
||
| 215 |
_a48 с. _d20 |
||
| 225 | 1 |
_aСерия 13 "Юридическая" _fО-во "Знание" УССР _v№ 10 |
|
| 300 | _aНа обл. загл. сер.: Сер. 13 "Юридична" | ||
| 320 | _aБиблиогр.: с. 48 | ||
| 700 | 1 |
_aБура _bН. А. _gНикифор Андреевич |
|
| 801 | 0 |
_aRU _bNLR _gpsbo |
|
| 801 | 1 |
_aRU _bELAR _2rusmarc |
|
| 852 |
_aNLR _j82-4/11507 |
||
| 942 | _cBOOK | ||
| 980 | _aNB | ||